Stratégia pre obchodné služby na trhu EÚ

Podpora sektora obchodných služieb v európskej ekonomike. Rôznorodosť spektra obchodných služieb. Charakteristika trhu obchodných služieb. Koncentrácia trhu obchodných služieb v najbohatších krajinách EÚ. Prekážky v obchode s obchodnými službami. Stratégia a politika pre obchodné služby. Nárast výz...

Descripción completa

Guardado en:
Detalles Bibliográficos
Autor principal: Michalová, Valéria
Formato: Capítulo de libro
Lenguaje:eslovaco
Materias:
Etiquetas: Agregar Etiqueta
Sin Etiquetas, Sea el primero en etiquetar este registro!

MARC

LEADER 00000naa$a2200000$$$4500
001 0019229
005 20240502071407.7
041 0 |a slo 
044 |a SK 
245 1 0 |a Stratégia pre obchodné služby na trhu EÚ  |c Valéria Michalová 
520 |a Podpora sektora obchodných služieb v európskej ekonomike. Rôznorodosť spektra obchodných služieb. Charakteristika trhu obchodných služieb. Koncentrácia trhu obchodných služieb v najbohatších krajinách EÚ. Prekážky v obchode s obchodnými službami. Stratégia a politika pre obchodné služby. Nárast významu obchodných služieb, ich systematická podpora v EÚ. 
610 2 0 |a trhy 
610 2 0 |a služby obchodné 
610 2 0 |a Európska únia 
610 2 0 |a stratégia obchodná 
100 1 |a Michalová, Valéria